Central Library OPAC University of Rajshahi

সম্ভাষণ / (Record no. 48811)

MARC details
000 -LEADER
fixed length control field 00774nam a2200229 a 4500
001 - CONTROL NUMBER
control field 48811
003 - CONTROL NUMBER IDENTIFIER
rucl marc code BD-RjUL
005 - DATE AND TIME OF LATEST TRANSACTION
control field 20211209054605.0
008 - FIXED-LENGTH DATA ELEMENTS--GENERAL INFORMATION
fixed length control field 160816s1988 b ||||| |||| 00| 0 eng d
020 ## - INTERNATIONAL STANDARD BOOK NUMBER
Terms of availability : Tk.30.00
035 ## - SYSTEM CONTROL NUMBER
System control number (BD-RjUL)48930
040 ## - CATALOGING SOURCE
Original cataloging agency BD-RjUL
Language of cataloging ben
Transcribing agency BD-RjUL
041 ## - LANGUAGE CODE
Language code of text/sound track or separate title ben
082 ## - DEWEY DECIMAL CLASSIFICATION NUMBER
Edition number 23
Classification number 891.441
Author mark and year SAS 1988
100 1# - MAIN ENTRY--PERSONAL NAME
Personal name সালাহউদ্দীন, কে. এম
9 (RLIN) 147135
245 10 - TITLE STATEMENT
Title সম্ভাষণ /
Statement of responsibility, etc. কে.এম.সালাহউদ্দীন
260 ## - PUBLICATION, DISTRIBUTION, ETC. (IMPRINT)
Place of publication, distribution, etc. ঢাকা :
Name of publisher, distributor, etc. সালাহউদ্দীন প্রকাশনী ,
Date of publication, distribution, etc. ১৯৮৮.
300 ## - PHYSICAL DESCRIPTION
Pagination ৬৪ পৃ ;
Size ২২ সেমি.
650 ## - SUBJECT ADDED ENTRY--TOPICAL TERM
Topical term or geographic name as entry element বাংলা কবিতা
9 (RLIN) 179513
Topical term or geographic name as entry element Bengali poetry
9 (RLIN) 179514
942 ## - ADDED ENTRY ELEMENTS (KOHA)
Source of classification or shelving scheme Dewey Decimal Classification
Koha item type Books
Holdings
Lost status Source of classification or shelving scheme Damaged status Not for loan Collection code Permanent Location Current Location Shelving location Date acquired Source of acquisition Cost, normal purchase price Total Checkouts Full call number Date last seen Copy number Koha item type
  Dewey Decimal Classification   Not For Loan Fiction Central Library, University of Rajshahi Central Library, University of Rajshahi Reading Room 17/07/1990 Prof. Shawkat Osman, Dhaka 30.00   B 891.441 SAS 1988 16/08/2016 C-1 Books